Vainqueurs d'étapes français dans le Tour de France depuis 2000 - Statistiques

Statistiques générales
  • Ce quiz a été pris 36 fois
  • Le résultat moyen est 42 sur 64
Statistiques - réponses
Etape Vainqueur % Correct
2012 : Belfort - Porentruy (SUI) Thibaut Pinot
97%
2015 : Modane-Valfréjus - L'Alpe-d'Huez Thibaut Pinot
97%
2019 : Tarbes - Tourmalet-Barèges Thibaut Pinot
97%
2018 : Annecy - Le Grand-Bornand Julian Alaphilippe
94%
2018 : Carcassonne - Bagnères-de-Luchon Julian Alaphilippe
94%
2019 : Binche (BEL) - Epernay Julian Alaphilippe
94%
2019 : Pau - Pau (CLM) Julian Alaphilippe
94%
2020 : Nice - Nice (CLM) Julian Alaphilippe
94%
2021 : Brest - Landerneau Julian Alaphilippe
94%
2025 : Montpellier - Mont Ventoux Valentin Paret-Peintre
94%
2015 : Gap - Saint-Jean-de-Maurienne Romain Bardet
91%
2016 : Albertville - Saint-Gervais Mont Blanc Romain Bardet
91%
2017 : Pau - Peyragudes Romain Bardet
91%
2024 : Florence (ITA) - Rimini (ITA) Romain Bardet
91%
2009 : Le Cap d'Agde - Perpignan Thomas Voeckler
91%
2010 : Pamiers - Bagnères-de-Luchon Thomas Voeckler
91%
2012 : Mâcon - Bellegarde-sur-Valserine Thomas Voeckler
91%
2012 : Pau - Bagnères-de-Luchon Thomas Voeckler
91%
2017 : Mondorf-les-Bains (LUX) - Vittel Arnaud Démare
80%
2018 : Trie-sur-Baïse - Pau Arnaud Démare
80%
2011 : Modane - L'Alpe-d'Huez Pierre Rolland
77%
2012 : Albertville - La Toussuire-Les Sybelles Pierre Rolland
77%
2008 : Roanne - Montluçon Sylvain Chavanel
77%
2010 : Bruxelles (BEL) - Spa (BEL) Sylvain Chavanel
77%
2010 : Tournus - Station des Rousses Sylvain Chavanel
77%
2022 : Castelnau-Magnoac - Cahors Christophe Laporte
74%
2024 : Cesenatico (ITA) - Bologne (ITA) Kevin Vauquelin
74%
2015 : Rennes - Mûr-de-Bretagne Alexis Vuillermoz
71%
2024 : Troyes - Troyes Anthony Turgis
69%
2001 : Huy (BEL) - Verdun Laurent Jalabert
69%
2001 : Strasbourg - Colmar Laurent Jalabert
69%
2017 : Saint-Girons - Foix Warren Barguil
69%
2017 : Briançon - Izoard Warren Barguil
69%
2023 : Vitoria-Gasteiz (ESP) - Saint-Sébastien (ESP) Victor Lafay
66%
2007 : Cahors - Angoulême Sandy Casar
63%
2009 : Martigny (SUI) - Bourg-Saint-Maurice Sandy Casar
63%
2010 : Morzine-Avoriaz - Saint-Jean-de-Maurienne Sandy Casar
63%
2020 : Cazères - Loudenvielle Nans Peters
60%
2000 : Courchevel - Morzine-Avoriaz Richard Virenque
60%
2002 : Lodève - Mont Ventoux Richard Virenque
60%
2003 : Lyon - Morzine-Avoriaz Richard Virenque
60%
2004 : Limoges - Saint-Flour Richard Virenque
60%
2010 : Revel - Ax 3 Domaines Christophe Riblon
57%
2013 : Gap - L'Alpe-d'Huez Christophe Riblon
57%
2017 : Dole - Station des Rousses Lilian Calmejane
57%
2014 : Besançon - Oyonnax Tony Gallopin
57%
2006 : Montélimar - Gap Pierrick Fédrigo
51%
2009 : Saint-Gaudens - Tarbes Pierrick Fédrigo
51%
2010 : Bagnères-de-Luchon - Pau Pierrick Fédrigo
51%
2012 : Samatan - Pau Pierrick Fédrigo
51%
2001 : Dunkerque (Prologue) Christophe Moreau
43%
2014 : Tomblaine - Gérardmer-La Mauselaine Blel Kadri
40%
2009 : Barcelone (ESP) - Andorre-Arcalis (AND) Brice Feillu
40%
2004 : Saint-Flour - Figeac David Moncoutié
37%
2005 : Briançon - Digne-les-Bains David Moncoutié
37%
2003 : Ville-d'Avray - Paris Jean-Patrick Nazon
31%
2004 : Waterloo (BEL) - Wasquehal Jean-Patrick Nazon
31%
2008 : Saint-Malo - Nantes Samuel Dumoulin
29%
2007 : Tallard - Marseille Cédric Vasseur
23%
2006 : Strasbourg - Strasbourg Jimmy Casper
17%
2008 : Cuneo (ITA) - Jausiers Cyril Dessel
14%
2006 : Saint-Méen-le-Grand - Lorient Sylvain Calzati
14%
2000 : Tours - Limoges Christophe Agnolutto
11%
2002 : Bazas - Pau Patrice Halgand
6%
Aucun quiz correspondant
Distribution des résultats
% des personnes avec chaque résultat
Percentile par nombre de réponses
Votre historique - résultats
Vous n’avez pas pris ce quiz